1226 1926 1870 1819 1895 1707 1451 1286 1491 1908 1851 1679 1388 1993 1785 1828 1112 1334 1578 1448 1026 1111 1882 1217 1800 1612 1745 1918 1881 1953 1404 1675 1534 1500 1162 1585 1103 1666 1094 1356 1008 1543 1259 1887 1370 1804 1621 1291 1488 1267 1739 1840 1548 1827 1389 1536 1151 1151 1539 1550 1879 1685 1833 1654 1767 1972 1773 1347 1316 1963 1357 1103 1577 1919 1293 1026 1822 1670 1687 1975 1244 1959 1758 1337 1480 1779 1799 1344 1137 1493 1731 1602 1230 1206 1596 1371 1127 1858 1636 BCNSPRNW ULIB Ver.6.0+V

เปลี่ยนเป็นภาษาไทย

Change to English
 แสดงรายละเอียดบรรณานุกรม
  กลับหน้าหลัก

Brief Record : Get Marc (ISO 2709) : E-mail record : QR code < ปิดหน้าต่าง
LEADER : 00000nam 2200000uu 4500
001    13399111074
003     ULIB
008    110615s||||||||th 000 0 tha d
020    9789749763643
050 04 BF441^bร936ค 2552
100 1  โรเบิร์ต แอนโธนี
245 10 คิดให้ถูก :^b Beyond Positive Thinking /^cโรเบิร์ต แอนโธนี,เขียน ; กานต์สิริ โรจนสุวรรณ,แปล
246 31 Beyond Positive Thinking
250    พิมพ์ครั้งที่ 1
260    กรุงเทพฯ :^bสำนักพิมพ์ต้นไม้,^c2552
300    245 หน้า
650  7 การเปลี่ยนแปลงชีวิต
650  7 ความคิด
700 00 กานต์สิริ โรจนสุวรรณ,^eผู้แปล
945    ^p225^l0^i027705
995    ทศพร
999 ^a ใช้งานได้ทุกระบบ
รายการนี้ยังไม่มีแท็ก
คุณยังไม่ได้ล็อกอิน คุณสามารถมีกิจกรรมร่วมกับเว็บไซต์ได้ แต่ต้องล็อกอินก่อน ::
  ล็อกอิน

รายการสื่อสารสนเทศ

ลำดับที่ ประเภท เลขเรียก/บาร์โค้ด สถานที่ สถานะ
- ไม่พบข้อมูล -

รายการใกล้เคียง
    หัวเรื่อง [ความคิด]

BibComment


ยังไม่เคยถูกคอมเมนท์

คอมเมนท์ทรัพยากรรายการนี้
  คอมเมนท์: คิดให้ถูก Beyon..


 Copyright 2026. Bcnsprnw @Library